10 plus grandes villes de chaque département (aléatoire) - Statistiques

Statistiques générales
  • Ce quiz a été pris 77 fois
  • Le résultat moyen est 23 sur 50
Statistiques - réponses
Ville Département Population Rang % Correct
Ferney-Voltaire Ain 10920 7
100%
Gauchy Aisne 5204 10
100%
Saint-Quentin Aisne 52958 1
100%
Bellerive-sur-Allier Allier 8855 6
100%
Digne-les-Bains Alpes-de-Haute-Provence 17192 2
100%
Le Cannet Alpes-Maritimes 41597 6
100%
Nice Alpes-Maritimes 348085 1
100%
Cannes Alpes-Maritimes 73255 3
100%
Cagnes-sur-Mer Alpes-Maritimes 52580 4
100%
Grasse Alpes-Maritimes 48323 5
100%
Saint-Laurent-du-Var Alpes-Maritimes 30941 7
100%
Menton Alpes-Maritimes 30412 8
100%
Vallauris Alpes-Maritimes 28025 9
100%
Charleville-Mézières Ardennes 46398 1
100%
Pamiers Ariège 16394 1
100%
Foix Ariège 9472 2
100%
Troyes Aube 62782 1
100%
Bar-sur-Aube Aube 4753 9
100%
Lézignan-Corbières Aude 10952 4
100%
Gruissan Aude 5096 10
100%
Carcassonne Aude 46218 2
100%
Villefranche-de-Rouergue Aveyron 11720 4
100%
Strasbourg Bas-Rhin 291313 1
100%
Haguenau Bas-Rhin 35715 2
100%
Lingolsheim Bas-Rhin 20266 5
100%
Ostwald Bas-Rhin 13310 8
100%
Aix-en-Provence Bouches-du-Rhône 147478 2
100%
Salon-de-Provence Bouches-du-Rhône 44731 6
100%
La Ciotat Bouches-du-Rhône 36987 8
100%
Vitrolles Bouches-du-Rhône 35532 9
100%
Marignane Bouches-du-Rhône 33003 10
100%
Souleuvre en Bocage Calvados 8745 10
100%
Caen Calvados 108200 1
100%
Riom-ès-Montagnes Cantal 2428 6
100%
Aurillac Cantal 25815 1
100%
Soyaux Charente 9995 3
100%
Saint-Yrieix-sur-Charente Charente 7525 5
100%
Angoulême Charente 41086 1
100%
Cognac Charente 18448 2
100%
Barbezieux-Saint-Hilaire Charente 4732 10
100%
La Rochelle Charente-Maritime 78535 1
100%
Saintes Charente-Maritime 25518 2
100%
Royan Charente-Maritime 19029 4
100%
Saujon Charente-Maritime 7183 9
100%
Saint-Florent-sur-Cher Cher 6419 6
100%
Vierzon Cher 25348 2
100%
Ussac Corrèze 4253 7
100%
Bastelicaccia Corse-du-Sud 4251 3
100%
Ajaccio Corse-du-Sud 73822 1
100%
Porto-Vecchio Corse-du-Sud 11229 2
100%
Bonifacio Corse-du-Sud 3200 10
100%
Chenôve Côte-d’Or 14445 3
100%
Dijon Côte-d’Or 159346 1
100%
Beaune Côte-d’Or 20032 2
100%
Ploufragan Côtes-d’Armor 11369 6
100%
Saint-Brieuc Côtes-d’Armor 44224 1
100%
Lannion Côtes-d’Armor 20344 2
100%
Saint-Sulpice-le-Guérétois Creuse 1911 6
100%
Guéret Creuse 12840 1
100%
Niort Deux-Sèvres 59309 1
100%
Périgueux Dordogne 29516 1
100%
Bergerac Dordogne 26323 2
100%
Sarlat-la-Canéda Dordogne 8812 4
100%
Morteau Doubs 6867 6
100%
Pierrelatte Drôme 13799 5
100%
Livron-sur-Drôme Drôme 9298 8
100%
Montélimar Drôme 40399 2
100%
Bourg-lès-Valence Drôme 19581 4
100%
Corbeil-Essonnes Essonne 52683 2
100%
Palaiseau Essonne 34893 7
100%
Gaillon Eure 6801 10
100%
Évreux Eure 47289 1
100%
Vernon Eure 24543 2
100%
Châteaudun Eure-et-Loir 12909 4
100%
Nogent-le-Rotrou Eure-et-Loir 9341 7
100%
Plouzané Finistère 13473 8
100%
Quimper Finistère 63642 2
100%
Concarneau Finistère 20607 3
100%
Morlaix Finistère 14903 6
100%
Quimperlé Finistère 12313 10
100%
Villeneuve-lès-Avignon Gard 12617 6
100%
Nîmes Gard 148104 1
100%
Alès Gard 43892 2
100%
Auch Gers 23041 1
100%
Lectoure Gers 3690 6
100%
Bordeaux Gironde 261804 1
100%
Pessac Gironde 66760 3
100%
Kourou Guyane 24612 5
100%
Cayenne Guyane 63468 1
100%
Biguglia Haute-Corse 7654 3
100%
Penta-di-Casinca Haute-Corse 3376 10
100%
Furiani Haute-Corse 6032 6
100%
Calvi Haute-Corse 5746 7
100%
Toulouse Haute-Garonne 504078 1
100%
Colomiers Haute-Garonne 40159 2
100%
Muret Haute-Garonne 25060 5
100%
Monistrol-sur-Loire Haute-Loire 8925 2
100%
Le Puy-en-Velay Haute-Loire 18629 1
100%
Saint-Dizier Haute-Marne 23068 1
100%
Gap Hautes-Alpes 40500 1
100%
Briançon Hautes-Alpes 10561 2
100%
Guillestre Hautes-Alpes 2292 9
100%
Port-sur-Saône Haute-Saône 2977 9
100%
Annecy Haute-Savoie 131715 1
100%
Thonon-les-Bains Haute-Savoie 37027 3
100%
Tarbes Hautes-Pyrénées 43955 1
100%
Lourdes Hautes-Pyrénées 13509 2
100%
Bagnères-de-Bigorre Hautes-Pyrénées 7000 4
100%
Isle Haute-Vienne 7853 5
100%
Aixe-sur-Vienne Haute-Vienne 5839 9
100%
Limoges Haute-Vienne 129760 1
100%
Kingersheim Haut-Rhin 13178 7
100%
Riedisheim Haut-Rhin 12163 8
100%
Mulhouse Haut-Rhin 106341 1
100%
Illzach Haut-Rhin 14829 5
100%
Rixheim Haut-Rhin 13795 6
100%
Courbevoie Hauts-de-Seine 81516 5
100%
Nanterre Hauts-de-Seine 97351 2
100%
Colombes Hauts-de-Seine 88870 4
100%
Lattes Hérault 17544 8
100%
Montpellier Hérault 302454 1
100%
Béziers Hérault 80341 2
100%
Sète Hérault 44712 3
100%
Lunel Hérault 26185 5
100%
Rennes Ille-et-Vilaine 225081 1
100%
Saint-Malo Ille-et-Vilaine 47323 2
100%
Châteauroux Indre 42968 1
100%
Tours Indre-et-Loire 137658 1
100%
Joué-lès-Tours Indre-et-Loire 38183 2
100%
Amboise Indre-et-Loire 12938 6
100%
Chambray-lès-Tours Indre-et-Loire 11589 7
100%
Grenoble Isère 157477 1
100%
Saint-Martin-d'Hères Isère 38454 2
100%
Saint-Claude Jura 8727 3
100%
Les Rousses Jura 3683 8
100%
Soustons Landes 8421 8
100%
Dax Landes 21347 2
100%
Saint-Paul-lès-Dax Landes 14317 4
100%
Capbreton Landes 9185 7
100%
Saint-Leu La Réunion 34893 10
100%
Saint-Denis La Réunion 154765 1
100%
Saint-Pierre La Réunion 84077 3
100%
La Possession La Réunion 35245 9
100%
Andrézieux-Bouthéon Loire 10187 10
100%
Roanne Loire 34762 3
100%
Firminy Loire 17137 4
100%
Nantes Loire-Atlantique 323204 1
100%
Saint-Nazaire Loire-Atlantique 72057 2
100%
Saint-Herblain Loire-Atlantique 49537 3
100%
Rezé Loire-Atlantique 42998 4
100%
Couëron Loire-Atlantique 23057 8
100%
Orléans Loiret 116617 1
100%
Selles-sur-Cher Loir-et-Cher 4342 10
100%
Romorantin-Lanthenay Loir-et-Cher 18115 2
100%
Agen Lot-et-Garonne 32485 1
100%
Villeneuve-sur-Lot Lot-et-Garonne 21629 2
100%
Nérac Lot-et-Garonne 6881 6
100%
Mende Lozère 12316 1
100%
Orée d'Anjou Maine-et-Loire 16709 9
100%
Loire-Authion Maine-et-Loire 16416 10
100%
Angers Maine-et-Loire 157175 1
100%
Cholet Maine-et-Loire 53936 2
100%
Saumur Maine-et-Loire 26215 3
100%
Segré-en-Anjou Bleu Maine-et-Loire 17699 8
100%
Cherbourg-en-Cotentin Manche 77808 1
100%
Saint-Lô Manche 19373 2
100%
Granville Manche 12581 3
100%
Reims Marne 179380 1
100%
Rivière-Salée Martinique 11887 9
100%
Fort-de-France Martinique 74921 1
100%
Laval Mayenne 49657 1
100%
Château-Gontier-sur-Mayenne Mayenne 16710 2
100%
Tsingoni Mayotte 13934 6
100%
Ouangani Mayotte 10203 10
100%
Mamoudzou Mayotte 71437 1
100%
Dzaoudzi Mayotte 17831 3
100%
Laxou Meurthe-et-Moselle 14671 7
100%
Nancy Meurthe-et-Moselle 104260 1
100%
Vandœuvre-lès-Nancy Meurthe-et-Moselle 29537 2
100%
Longwy Meurthe-et-Moselle 15191 5
100%
Commercy Meuse 5319 3
100%
Ploërmel Morbihan 9879 10
100%
Woippy Moselle 14302 10
100%
Thionville Moselle 42163 2
100%
Nevers Nièvre 32830 1
100%
Clamecy Nièvre 3593 10
100%
Lille Nord 236710 1
100%
Tourcoing Nord 99011 2
100%
Roubaix Nord 98892 3
100%
Villeneuve-d'Ascq Nord 62067 5
100%
Marcq-en-Barœul Nord 39356 9
100%
Crépy-en-Valois Oise 14217 7
100%
Beauvais Oise 56677 1
100%
Compiègne Oise 40394 2
100%
Creil Oise 36106 3
100%
Noyon Oise 12987 9
100%
Alençon Orne 25555 1
100%
Mortagne-au-Perche Orne 3815 10
100%
Paris Paris 2133111 1
100%
Arras Pas-de-Calais 42600 2
100%
Boulogne-sur-Mer Pas-de-Calais 40910 3
100%
Lens Pas-de-Calais 32618 4
100%
Béthune Pas-de-Calais 24992 7
100%
Clermont-Ferrand Puy-de-Dôme 147327 1
100%
Cournon-d'Auvergne Puy-de-Dôme 20193 2
100%
Thiers Puy-de-Dôme 11633 7
100%
Lons Pyrénées-Atlantiques 13915 7
100%
Bayonne Pyrénées-Atlantiques 52749 2
100%
Hendaye Pyrénées-Atlantiques 17796 5
100%
Canet-en-Roussillon Pyrénées-Orientales 12598 2
100%
Saint-Cyprien Pyrénées-Orientales 11398 4
100%
Villeurbanne Rhône 156928 2
100%
Vénissieux Rhône 66363 3
100%
Bron Rhône 43049 7
100%
Villefranche-sur-Saône Rhône 35913 8
100%
Charnay-lès-Mâcon Saône-et-Loire 7969 8
100%
Gueugnon Saône-et-Loire 6616 10
100%
Paray-le-Monial Saône-et-Loire 9239 6
100%
Sablé-sur-Sarthe Sarthe 12096 3
100%
Albertville Savoie 19812 3
100%
Saint-Jean-de-Maurienne Savoie 7536 6
100%
Bourg-Saint-Maurice Savoie 7187 7
100%
Roissy-en-Brie Seine-et-Marne 23061 9
100%
Meaux Seine-et-Marne 55616 1
100%
Melun Seine-et-Marne 42367 3
100%
Le Havre Seine-Maritime 166058 1
100%
Fécamp Seine-Maritime 18016 9
100%
Noisy-le-Grand Seine-Saint-Denis 70374 6
100%
Saint-Denis Seine-Saint-Denis 113942 1
100%
Aubervilliers Seine-Saint-Denis 90071 3
100%
Amiens Somme 133625 1
100%
Abbeville Somme 22595 2
100%
Albi Tarn 49714 1
100%
Valence Tarn-et-Garonne 5256 7
100%
Verdun-sur-Garonne Tarn-et-Garonne 4866 8
100%
Grisolles Tarn-et-Garonne 4197 10
100%
Castelsarrasin Tarn-et-Garonne 14178 2
100%
Moissac Tarn-et-Garonne 13748 3
100%
Belfort Territoire-de-Belfort 45155 1
100%
Vitry-sur-Seine Val-de-Marne 96205 1
100%
Créteil Val-de-Marne 92989 2
100%
Champigny-sur-Marne Val-de-Marne 77724 3
100%
Saint-Maur-des-Fossés Val-de-Marne 75441 4
100%
Vincennes Val-de-Marne 48798 9
100%
Garges-lès-Gonesse Val-d’Oise 42841 4
100%
Pontoise Val-d’Oise 31327 8
100%
Ermont Val-d’Oise 28987 10
100%
La Valette-du-Var Var 23955 9
100%
Saint-Raphaël Var 35950 7
100%
Avignon Vaucluse 90330 1
100%
Carpentras Vaucluse 30769 2
100%
Orange Vaucluse 28949 3
100%
Les Sables-d'Olonne Vendée 48402 2
100%
Poitiers Vienne 90240 1
100%
Épinal Vosges 32285 1
100%
Saint-Dié-des-Vosges Vosges 19319 2
100%
Villeneuve-sur-Yonne Yonne 5136 6
100%
Auxerre Yonne 34778 1
100%
Sens Yonne 27034 2
100%
Mantes-la-Jolie Yvelines 44539 3
100%
Rodez Aveyron 24207 1
88%
Saint-Étienne Loire 172718 1
83%
Biarritz Pyrénées-Atlantiques 25764 4
83%
Perpignan Pyrénées-Orientales 119656 1
83%
La Seyne-sur-Mer Var 62763 2
83%
Thaon-les-Vosges Vosges 8513 4
83%
Marseille Bouches-du-Rhône 873076 1
80%
Tonnay-Charente Charente-Maritime 8195 7
80%
Vic-en-Bigorre Hautes-Pyrénées 4822 8
80%
Échirolles Isère 36849 3
80%
Sainte-Livrade-sur-Lot Lot-et-Garonne 6496 7
80%
Bonchamp-lès-Laval Mayenne 6211 7
80%
Forbach Moselle 21130 4
80%
Aulnay-sous-Bois Seine-Saint-Denis 86135 4
80%
Versailles Yvelines 83587 1
80%
Gex Ain 13078 6
75%
Laon Aisne 24021 3
75%
Moulins Allier 19343 3
75%
Aubenas Ardèche 12360 2
75%
Sélestat Bas-Rhin 19300 6
75%
Arles Bouches-du-Rhône 50415 3
75%
Ouistreham Calvados 9331 9
75%
Ussel Corrèze 9159 3
75%
Alata Corse-du-Sud 3587 5
75%
Portes-lès-Valence Drôme 10422 6
75%
Viry-Châtillon Essonne 31045 9
75%
Évry-Courcouronnes Essonne 66177 1
75%
Plougastel-Daoulas Finistère 13445 9
75%
La Teste-de-Buch Gironde 26556 9
75%
Tournefeuille Haute-Garonne 29439 3
75%
Wittenheim Haut-Rhin 15262 4
75%
Levallois-Perret Hauts-de-Seine 68009 8
75%
Asnières-sur-Seine Hauts-de-Seine 89662 3
75%
Frontignan Hérault 23808 7
75%
Biscarrosse Landes 14551 3
75%
Belleville-sur-Meuse Meuse 3021 8
75%
Ploemeur Morbihan 18591 4
75%
Dieppe Seine-Maritime 28358 5
75%
Montreuil Seine-Saint-Denis 111455 2
75%
Mazamet Tarn 10064 6
75%
Sarcelles Val-d’Oise 58424 3
75%
Challans Vendée 22494 3
75%
Valserhône Ain 16295 3
67%
Vichy Allier 25789 2
67%
Sedan Ardennes 16608 2
67%
Castelnaudary Aude 12448 3
67%
Istres Bouches-du-Rhône 44577 7
67%
Lisieux Calvados 19807 3
67%
Brive-la-Gaillarde Corrèze 46599 1
67%
Quetigny Côte-d’Or 8869 6
67%
Loudéac Côtes-d’Armor 9762 7
67%
Pontarlier Doubs 17849 3
67%
Valence Drôme 64483 1
67%
Vigneux-sur-Seine Essonne 31050 8
67%
Macouria Guyane 18847 6
67%
Bastia Haute-Corse 48768 1
67%
Vesoul Haute-Saône 15130 1
67%
Annemasse Haute-Savoie 37918 2
67%
Guebwiller Haut-Rhin 11137 10
67%
Antony Hauts-de-Seine 63232 10
67%
Dole Jura 23775 1
67%
Saint-Vincent-de-Tyrosse Landes 7956 9
67%
Mont-de-Marsan Landes 30674 1
67%
Fleury-les-Aubrais Loiret 21438 4
67%
Montargis Loiret 15061 7
67%
Blois Loir-et-Cher 46813 1
67%
Puy-l'Évêque Lot 1900 10
67%
Avranches Manche 10240 5
67%
Montigny-lès-Metz Moselle 21854 3
67%
Douai Nord 39648 8
67%
Cambrai Nord 31425 10
67%
Chamalières Puy-de-Dôme 17454 4
67%
Issoire Puy-de-Dôme 15014 5
67%
La Flèche Sarthe 14937 2
67%
Le Petit-Quevilly Seine-Maritime 21782 7
67%
Elbeuf Seine-Maritime 15951 10
67%
Bobigny Seine-Saint-Denis 55056 9
67%
Épinay-sur-Seine Seine-Saint-Denis 53489 10
67%
Montauban Tarn-et-Garonne 61919 1
67%
Fontenay-sous-Bois Val-de-Marne 51812 8
67%
Cergy Val-d’Oise 68348 2
67%
Toulon Var 180452 1
67%
Montaigu-Vendée Vendée 20605 4
67%
Tonnerre Yonne 4301 9
67%
Saint-Germain-en-Laye Yvelines 44380 4
67%
Propriano Corse-du-Sud 3741 4
63%
Boulogne-Billancourt Hauts-de-Seine 119808 1
60%
Le Blanc Indre 6204 4
60%
Hayange Moselle 15968 7
60%
Pau Pyrénées-Atlantiques 77066 1
60%
Rouen Seine-Maritime 114083 2
60%
Trappes Yvelines 33717 8
60%
Soissons Aisne 28705 2
50%
Château-Thierry Aisne 15204 4
50%
Hirson Aisne 8662 8
50%
Montluçon Allier 33342 1
50%
Les Mées Alpes-de-Haute-Provence 3884 9
50%
Bourg-Saint-Andéol Ardèche 7352 8
50%
Annonay Ardèche 16873 1
50%
Privas Ardèche 8541 6
50%
Givet Ardennes 6347 4
50%
La Tour-du-Crieu Ariège 3246 8
50%
Tarascon-sur-Ariège Ariège 3034 10
50%
Romilly-sur-Seine Aube 14766 2
50%
Narbonne Aude 56395 1
50%
Saint-Affrique Aveyron 7992 5
50%
Schiltigheim Bas-Rhin 34129 3
50%
Bischheim Bas-Rhin 17939 7
50%
Bischwiller Bas-Rhin 12435 9
50%
Vire Normandie Calvados 17135 4
50%
Bayeux Calvados 12775 5
50%
Vic-sur-Cère Cantal 1885 10
50%
Grosseto-Prugna Corse-du-Sud 3349 7
50%
Sarrola-Carcopino Corse-du-Sud 3278 9
50%
Auxonne Côte-d’Or 7602 9
50%
Talant Côte-d’Or 11894 4
50%
Lamballe-Armor Côtes-d’Armor 16845 3
50%
La Souterraine Creuse 4933 2
50%
Aubusson Creuse 3108 3
50%
Parthenay Deux-Sèvres 10058 4
50%
Melle Deux-Sèvres 5904 8
50%
Trélissac Dordogne 7268 5
50%
Grand-Charmont Doubs 5857 7
50%
Besançon Doubs 119198 1
50%
Montbéliard Doubs 25573 2
50%
Athis-Mons Essonne 36222 5
50%
Massy Essonne 50962 3
50%
Chartres Eure-et-Loir 38447 1
50%
Douarnenez Finistère 14163 7
50%
Beaucaire Gard 15680 4
50%
Cenon Gironde 26778 8
50%
Saint-Médard-en-Jalles Gironde 32538 6
50%
Le Gosier Guadeloupe 27184 3
50%
Matoury Guyane 34810 3
50%
Apatou Guyane 9818 8
50%
Lucciana Haute-Corse 6091 5
50%
Prunelli-di-Fiumorbo Haute-Corse 3737 9
50%
Castanet-Tolosan Haute-Garonne 14903 10
50%
Blagnac Haute-Garonne 26466 4
50%
Yssingeaux Haute-Loire 7345 3
50%
Nogent Haute-Marne 3548 4
50%
Chaumont Haute-Marne 21699 2
50%
Embrun Hautes-Alpes 6404 3
50%
Rumilly Haute-Savoie 15998 6
50%
Saint-Yrieix-la-Perche Haute-Vienne 6825 6
50%
Feytiat Haute-Vienne 6080 7
50%
Le Palais-sur-Vienne Haute-Vienne 5947 8
50%
Clichy Hauts-de-Seine 64849 9
50%
Agde Hérault 29103 4
50%
Castelnau-le-Lez Hérault 24888 6
50%
Vitré Ille-et-Vilaine 18998 5
50%
Issoudun Indre 10992 2
50%
Saint-Cyr-sur-Loire Indre-et-Loire 17004 3
50%
Villefontaine Isère 19083 8
50%
L'Isle-d'Abeau Isère 17206 10
50%
Lons-le-Saunier Jura 17043 2
50%
Poligny Jura 4011 6
50%
Mimizan Landes 7364 10
50%
Saint-Louis La Réunion 53935 6
50%
Saint-Joseph La Réunion 38807 7
50%
Saint-Paul La Réunion 105240 2
50%
Saint-Just-Saint-Rambert Loire 15419 6
50%
Le Chambon-Feugerolles Loire 12066 8
50%
Montbrison Loire 16064 5
50%
Carquefou Loire-Atlantique 20510 9
50%
Châlette-sur-Loing Loiret 12728 10
50%
Saint-Jean-de-Braye Loiret 21700 3
50%
Le Controis-en-Sologne Loir-et-Cher 6719 5
50%
Salbris Loir-et-Cher 4897 7
50%
Vendôme Loir-et-Cher 15747 3
50%
Figeac Lot 9770 2
50%
Marmande Lot-et-Garonne 17239 3
50%
Beaupréau-en-Mauges Maine-et-Loire 23639 5
50%
Chemillé-en-Anjou Maine-et-Loire 21386 6
50%
La Hague Manche 11223 4
50%
Aÿ-Champagne Marne 5197 10
50%
Châlons-en-Champagne Marne 43877 2
50%
Vitry-le-François Marne 11454 4
50%
Le Robert Martinique 21305 3
50%
Mayenne Mayenne 12900 3
50%
Bandraboua Mayotte 13989 5
50%
Koungou Mayotte 32156 2
50%
Villers-lès-Nancy Meurthe-et-Moselle 14761 6
50%
Lorient Morbihan 57846 1
50%
Pontivy Morbihan 14774 6
50%
Saint-Avold Moselle 15045 8
50%
Varennes-Vauzelles Nièvre 9180 3
50%
Fourchambault Nièvre 4037 6
50%
Coulanges-lès-Nevers Nièvre 3693 7
50%
Cosne-Cours-sur-Loire Nièvre 9437 2
50%
La Ferté Macé Orne 5116 5
50%
Orthez Pyrénées-Atlantiques 10684 9
50%
Lyon Rhône 522250 1
50%
Saint-Priest Rhône 48822 5
50%
Chalon-sur-Saône Saône-et-Loire 45031 1
50%
Montceau-les-Mines Saône-et-Loire 16831 4
50%
Autun Saône-et-Loire 13145 5
50%
Digoin Saône-et-Loire 7498 9
50%
Coulaines Sarthe 8003 6
50%
Chambéry Savoie 59856 1
50%
Aix-les-Bains Savoie 31874 2
50%
Dammarie-les-Lys Seine-et-Marne 22845 10
50%
Saint-Étienne-du-Rouvray Seine-Maritime 28508 4
50%
Pantin Seine-Saint-Denis 60800 7
50%
Drancy Seine-Saint-Denis 71363 5
50%
Albert Somme 9781 3
50%
Montdidier Somme 6009 6
50%
Offemont Territoire-de-Belfort 4109 6
50%
Ivry-sur-Seine Val-de-Marne 64001 5
50%
Villejuif Val-de-Marne 57753 7
50%
Maisons-Alfort Val-de-Marne 58068 6
50%
Argenteuil Val-d'Oise 107221 1
50%
Goussainville Val-d’Oise 30693 9
50%
Hyères Var 55103 4
50%
Six-Fours-les-Plages Var 36203 6
50%
L'Isle-sur-la-Sorgue Vaucluse 19965 6
50%
Buxerolles Vienne 10105 3
50%
Rambervillers Vosges 5045 9
50%
Gérardmer Vosges 7833 5
50%
Neufchâteau Vosges 6580 7
50%
Vittel Vosges 4793 10
50%
Sartrouville Yvelines 51220 2
50%
Conflans-Sainte-Honorine Yvelines 35926 6
50%
Port-la-Nouvelle Aude 5905 6
40%
Espalion Aveyron 4624 8
40%
Savigny-sur-Orge Essonne 37371 4
40%
Verneuil d'Avre et d'Iton Eure 7305 9
40%
Saint-Gilles Gard 14264 5
40%
Aigues-Mortes Gard 8685 9
40%
Bègles Gironde 30813 7
40%
Guidel Morbihan 11947 8
40%
Oyonnax Ain 22277 2
33%
Ambérieu-en-Bugey Ain 14854 4
33%
Tergnier Aisne 13431 5
33%
Villeneuve Alpes-de-Haute-Provence 4355 7
33%
Forcalquier Alpes-de-Haute-Provence 5118 5
33%
Antibes Alpes-Maritimes 75130 2
33%
Saint-Girons Ariège 6250 3
33%
Decazeville Aveyron 5111 7
33%
Aubagne Bouches-du-Rhône 47342 5
33%
Mézidon Vallée d'Auge Calvados 9579 8
33%
Rochefort Charente-Maritime 23092 3
33%
Saint-Germain-du-Puy Cher 4924 8
33%
Égletons Corrèze 4293 6
33%
Ris-Orangis Essonne 29825 10
33%
Les Angles Gard 8480 10
33%
Morne-à-l'Eau Guadeloupe 15898 10
33%
Borgo Haute-Corse 9678 2
33%
Balma Haute-Garonne 17385 8
33%
Langres Haute-Marne 7697 3
33%
Tallard Hautes-Alpes 2312 8
33%
Gray Haute-Saône 5551 5
33%
Cluses Haute-Savoie 17164 4
33%
Sallanches Haute-Savoie 17133 5
33%
Rueil-Malmaison Hauts-de-Seine 78186 6
33%
Juvignac Hérault 12783 10
33%
Saint-Pierre-des-Corps Indre-et-Loire 15909 4
33%
Hauts de Bienne Jura 5167 5
33%
Champagnole Jura 8000 4
33%
Riorges Loire 11045 9
33%
Cahors Lot 20141 1
33%
Florac Trois Rivières Lozère 2096 7
33%
La Trinité Martinique 11747 10
33%
Schœlcher Martinique 19341 4
33%
Thierville-sur-Meuse Meuse 3179 7
33%
Sarreguemines Moselle 20624 5
33%
Méru Oise 14320 6
33%
Montataire Oise 13701 8
33%
Senlis Oise 15255 5
33%
Flers Orne 14482 2
33%
Argentan Orne 13291 3
33%
Calais Pas-de-Calais 67380 1
33%
Pont-du-Château Puy-de-Dôme 12459 6
33%
Mâcon Saône-et-Loire 34448 2
33%
La Crau Var 19179 10
33%
Pertuis Vaucluse 20012 5
33%
Migennes Yonne 7068 4
33%
Lavelanet Ariège 6035 4
29%
Carentan-les-Marais Manche 10220 6
29%
Château-Arnoux-Saint-Auban Alpes-de-Haute-Provence 5082 6
25%
Mandelieu-la-Napoule Alpes-Maritimes 21561 10
25%
Aytré Charente-Maritime 9578 5
25%
Gouzon Creuse 1560 8
25%
Nueil-les-Aubiers Deux-Sèvres 5566 10
25%
Saint-Maixent-l'École Deux-Sèvres 7254 6
25%
Pont-Audemer Eure 9848 6
25%
Les Andelys Eure 7937 8
25%
Lèves Eure-et-Loir 5623 10
25%
Sainte-Anne Guadeloupe 24281 4
25%
Chorges Hautes-Alpes 3065 6
25%
Lannemezan Hautes-Pyrénées 5810 5
25%
Betton Ille-et-Vilaine 12695 8
25%
Saint-Maur Indre 3641 10
25%
Saint-Benoît La Réunion 37023 8
25%
Rive-de-Gier Loire 15214 7
25%
Saint-Chély-d'Apcher Lozère 4096 3
25%
Peyre en Aubrac Lozère 2300 5
25%
Mauges-sur-Loire Maine-et-Loire 18331 7
25%
Sainte-Marie Martinique 14650 8
25%
Saint-Avé Morbihan 11927 9
25%
Auray Morbihan 14222 7
25%
Nogent-sur-Oise Oise 21382 4
25%
Bruay-la-Buissière Pas-de-Calais 21827 8
25%
Hénin-Beaumont Pas-de-Calais 26035 6
25%
Meyzieu Rhône 35882 9
25%
Arnage Sarthe 5482 9
25%
Pontault-Combault Seine-et-Marne 38258 4
25%
Chelles Seine-et-Marne 54309 2
25%
Lavaur Tarn 10830 5
25%
Sorgues Vaucluse 19117 7
25%
Le Pontet Vaucluse 17551 8
25%
Montigny-le-Bretonneux Yvelines 31777 10
25%
Gannat Allier 5759 9
20%
Vouziers Ardennes 4016 8
20%
Mondeville Calvados 10075 7
20%
Valentigney Doubs 10765 5
20%
Aureilhan Hautes-Pyrénées 7982 3
20%
Roye Somme 5662 9
20%
Monteux Vaucluse 13129 10
20%
Commentry Allier 6059 8
17%
Saint-André-les-Vergers Aube 12775 3
17%
L'Isle-d'Espagnac Charente 5662 8
17%
Afa Corse-du-Sud 3336 8
17%
Seloncourt Doubs 5784 8
17%
Bagnols-sur-Cèze Gard 18248 3
17%
Châteaugiron Ille-et-Vilaine 10518 10
17%
Aubière Puy-de-Dôme 10211 10
17%
Longueau Somme 5767 8
17%
Vineuil Loir-et-Cher 8067 4
13%
Miribel Ain 10225 8
0%
Bourg-en-Bresse Ain 41525 1
0%
Saint-Genis-Pouilly Ain 14558 5
0%
Divonne-les-Bains Ain 10137 9
0%
Belley Ain 9239 10
0%
Chauny Aisne 11496 6
0%
Villers-Cotterêts Aisne 10454 7
0%
Bohain-en-Vermandois Aisne 5721 9
0%
Cusset Allier 12909 4
0%
Yzeure Allier 12598 5
0%
Domérat Allier 8667 7
0%
Saint-Pourçain-sur-Sioule Allier 4997 10
0%
Oraison Alpes-de-Haute-Provence 5981 4
0%
Pierrevert Alpes-de-Haute-Provence 3941 8
0%
Sainte-Tulle Alpes-de-Haute-Provence 3489 10
0%
Manosque Alpes-de-Haute-Provence 22926 1
0%
Sisteron Alpes-de-Haute-Provence 7699 3
0%
Saint-Péray Ardèche 7588 7
0%
La Voulte-sur-Rhône Ardèche 4791 9
0%
Viviers Ardèche 3674 10
0%
Guilherand-Granges Ardèche 11203 3
0%
Tournon-sur-Rhône Ardèche 11191 4
0%
Le Teil Ardèche 8901 5
0%
Revin Ardennes 5815 5
0%
Nouzonville Ardennes 5592 6
0%
Bogny-sur-Meuse Ardennes 5006 7
0%
Villers-Semeuse Ardennes 3608 9
0%
Vrigne aux Bois Ardennes 3540 10
0%
Rethel Ardennes 7425 3
0%
Saverdun Ariège 4815 5
0%
Mazères Ariège 3868 6
0%
Varilhes Ariège 3495 7
0%
Mirepoix Ariège 3120 9
0%
La Chapelle-Saint-Luc Aube 12299 4
0%
Sainte-Savine Aube 10515 5
0%
Saint-Julien-les-Villas Aube 6745 6
0%
Nogent-sur-Seine Aube 5809 7
0%
Pont-Sainte-Marie Aube 5143 8
0%
Rosières-près-Troyes Aube 4749 10
0%
Coursan Aude 5751 7
0%
Trèbes Aude 5416 9
0%
Limoux Aude 10302 5
0%
Sigean Aude 5583 8
0%
Onet-le-Château Aveyron 11873 3
0%
Luc-la-Primaube Aveyron 6000 6
0%
Capdenac-Gare Aveyron 4407 9
0%
Sévérac d'Aveyron Aveyron 4062 10
0%
Millau Aveyron 21712 2
0%
Illkirch-Graffenstaden Bas-Rhin 27118 4
0%
Obernai Bas-Rhin 12216 10
0%
Martigues Bouches-du-Rhône 48568 4
0%
Hérouville-Saint-Clair Calvados 22227 2
0%
Ifs Calvados 11981 6
0%
Arpajon-sur-Cère Cantal 6315 3
0%
Ytrac Cantal 4322 4
0%
Naucelles Cantal 2137 7
0%
Maurs Cantal 2110 8
0%
Jussac Cantal 2026 9
0%
Saint-Flour Cantal 6423 2
0%
Mauriac Cantal 3519 5
0%
La Couronne Charente 7753 4
0%
Gond-Pontouvre Charente 5950 7
0%
Champniers Charente 5193 9
0%
Ruelle-sur-Touvre Charente 7356 6
0%
Périgny Charente-Maritime 8741 6
0%
Lagord Charente-Maritime 7387 8
0%
Surgères Charente-Maritime 6825 10
0%
Mehun-sur-Yèvre Cher 6448 5
0%
Aubigny-sur-Nère Cher 5476 7
0%
Trouy Cher 4005 9
0%
La Chapelle-Saint-Ursin Cher 3692 10
0%
Bourges Cher 63702 1
0%
Saint-Doulchard Cher 9645 3
0%
Saint-Amand-Montrond Cher 9459 4
0%
Malemort Corrèze 8027 4
0%
Saint-Pantaléon-de-Larche Corrèze 4883 5
0%
Allassac Corrèze 4019 8
0%
Objat Corrèze 3699 9
0%
Cosnac Corrèze 3026 10
0%
Tulle Corrèze 13992 2
0%
Sartène Corse-du-Sud 3570 6
0%
Chevigny-Saint-Sauveur Côte-d’Or 10944 5
0%
Fontaine-lès-Dijon Côte-d’Or 8847 7
0%
Longvic Côte-d’Or 8676 8
0%
Saint-Apollinaire Côte-d’Or 7490 10
0%
Plérin Côtes-d’Armor 14704 4
0%
Trégueux Côtes-d’Armor 8450 8
0%
Langueux Côtes-d’Armor 7886 9
0%
Pordic Côtes-d’Armor 7316 10
0%
Dinan Côtes-d’Armor 14675 5
0%
Sainte-Feyre Creuse 2497 4
0%
Saint-Vaury Creuse 1732 7
0%
Felletin Creuse 1536 9
0%
Fursac Creuse 1437 10
0%
Bourganeuf Creuse 2450 5
0%
Chauray Deux-Sèvres 7151 7
0%
La Crèche Deux-Sèvres 5732 9
0%
Bressuire Deux-Sèvres 19906 2
0%
Thouars Deux-Sèvres 14000 3
0%
Mauléon Deux-Sèvres 8597 5
0%
Boulazac Isle Manoire Dordogne 10697 3
0%
Coulounieix-Chamiers Dordogne 7245 6
0%
Terrasson-Lavilledieu Dordogne 6261 7
0%
Montpon-Ménestérol Dordogne 5834 8
0%
Saint-Astier Dordogne 5320 9
0%
Sanilhac Dordogne 4674 10
0%
Audincourt Doubs 13944 4
0%
Valdahon Doubs 5724 9
0%
Bethoncourt Doubs 5308 10
0%
Romans-sur-Isère Drôme 32911 3
0%
Bourg-de-Péage Drôme 9578 7
0%
Saint-Paul-Trois-Châteaux Drôme 8758 9
0%
Crest Drôme 8756 10
0%
Sainte-Geneviève-des-Bois Essonne 35846 6
0%
Louviers Eure 18350 3
0%
Val-de-Reuil Eure 12647 4
0%
Gisors Eure 11919 5
0%
Bernay Eure 9622 7
0%
Lucé Eure-et-Loir 15602 3
0%
Vernouillet Eure-et-Loir 12455 5
0%
Mainvilliers Eure-et-Loir 11057 6
0%
Luisant Eure-et-Loir 6682 8
0%
Auneau-Bleury-Saint-Symphorien Eure-et-Loir 6288 9
0%
Dreux Eure-et-Loir 30879 2
0%
Guipavas Finistère 15460 5
0%
Brest Finistère 139619 1
0%
Landerneau Finistère 16206 4
0%
Vauvert Gard 11774 7
0%
Pont-Saint-Esprit Gard 10600 8
0%
Vic-Fezensac Gers 3581 7
0%
Gimont Gers 3055 9
0%
Pavie Gers 2510 10
0%
L'Isle-Jourdain Gers 9324 2
0%
Condom Gers 6466 3
0%
Fleurance Gers 6012 4
0%
Eauze Gers 4014 5
0%
Mirande Gers 3454 8
0%
Gradignan Gironde 25835 10
0%
Mérignac Gironde 75729 2
0%
Talence Gironde 45225 4
0%
Villenave-d'Ornon Gironde 40500 5
0%
Petit-Bourg Guadeloupe 24272 5
0%
Le Moule Guadeloupe 22645 6
0%
Lamentin Guadeloupe 18527 7
0%
Capesterre-Belle-Eau Guadeloupe 17731 8
0%
Sainte-Rose Guadeloupe 17630 9
0%
Les Abymes Guadeloupe 52118 1
0%
Baie-Mahault Guadeloupe 30909 2
0%
Remire-Montjoly Guyane 27274 4
0%
Mana Guyane 11764 7
0%
Grand-Santi Guyane 9120 10
0%
Saint-Laurent-du-Maroni Guyane 50250 2
0%
Maripasoula Guyane 9177 9
0%
Ghisonaccia Haute-Corse 4248 8
0%
Corte Haute-Corse 7654 4
0%
Cugnaux Haute-Garonne 20341 6
0%
Plaisance-du-Touch Haute-Garonne 19944 7
0%
Ramonville-Saint-Agne Haute-Garonne 14949 9
0%
Aurec-sur-Loire Haute-Loire 6171 5
0%
Sainte-Sigolène Haute-Loire 6023 6
0%
Bas-en-Basset Haute-Loire 4546 7
0%
Brives-Charensac Haute-Loire 4246 8
0%
Saint-Just-Malmont Haute-Loire 4217 9
0%
Espaly-Saint-Marcel Haute-Loire 3547 10
0%
Brioude Haute-Loire 6518 4
0%
Joinville Haute-Marne 2972 5
0%
Wassy Haute-Marne 2777 6
0%
Chalindrey Haute-Marne 2377 7
0%
La Porte du Der Haute-Marne 2169 8
0%
Eurville-Bienville Haute-Marne 2029 9
0%
Éclaron-Braucourt-Sainte-Livière Haute-Marne 2014 10
0%
Laragne-Montéglin Hautes-Alpes 3585 4
0%
La Bâtie-Neuve Hautes-Alpes 2595 7
0%
Veynes Hautes-Alpes 3238 5
0%
L'Argentière-la-Bessée Hautes-Alpes 2267 10
0%
Héricourt Haute-Saône 10478 2
0%
Fougerolles-Saint-Valbert Haute-Saône 3780 6
0%
Champagney Haute-Saône 3700 7
0%
Échenoz-la-Méline Haute-Saône 3225 8
0%
Saint-Loup-sur-Semouse Haute-Saône 2944 10
0%
Lure Haute-Saône 7918 3
0%
Luxeuil-les-Bains Haute-Saône 6659 4
0%
Saint-Julien-en-Genevois Haute-Savoie 15840 7
0%
Bonneville Haute-Savoie 12895 8
0%
La Roche-sur-Foron Haute-Savoie 11263 9
0%
Passy Haute-Savoie 11068 10
0%
Bordères-sur-l'Échez Hautes-Pyrénées 5407 6
0%
Séméac Hautes-Pyrénées 5161 7
0%
Juillan Hautes-Pyrénées 4022 9
0%
Barbazan-Debat Hautes-Pyrénées 3500 10
0%
Couzeix Haute-Vienne 9828 4
0%
Ambazac Haute-Vienne 5558 10
0%
Saint-Junien Haute-Vienne 11387 2
0%
Panazol Haute-Vienne 11064 3
0%
Colmar Haut-Rhin 67730 2
0%
Saint-Louis Haut-Rhin 22698 3
0%
Cernay Haut-Rhin 11745 9
0%
Issy-les-Moulineaux Hauts-de-Seine 68580 7
0%
Mauguio Hérault 16596 9
0%
Cesson-Sévigné Ille-et-Vilaine 17716 6
0%
Saint-Jacques-de-la-Lande Ille-et-Vilaine 13656 7
0%
Pacé Ille-et-Vilaine 11918 9
0%
Fougères Ille-et-Vilaine 20653 3
0%
Bruz Ille-et-Vilaine 19651 4
0%
Déols Indre 7625 3
0%
Argenton-sur-Creuse Indre 4848 6
0%
Buzançais Indre 4504 7
0%
Ardentes Indre 3778 9
0%
Le Poinçonnet Indre 5840 5
0%
La Châtre Indre 4034 8
0%
Saint-Avertin Indre-et-Loire 15000 5
0%
Fondettes Indre-et-Loire 10741 9
0%
La Riche Indre-et-Loire 10325 10
0%
Montlouis-sur-Loire Indre-et-Loire 11048 8
0%
Fontaine Isère 22891 6
0%
Vienne Isère 31051 4
0%
Bourgoin-Jallieu Isère 29577 5
0%
Voiron Isère 20891 7
0%
Meylan Isère 18573 9
0%
Tavaux Jura 3923 7
0%
Arbois Jura 3193 9
0%
Montmorot Jura 3154 10
0%
Tarnos Landes 12920 5
0%
Saint-Pierre-du-Mont Landes 9871 6
0%
Le Tampon La Réunion 81943 4
0%
Saint-André La Réunion 57150 5
0%
Saint-Chamond Loire 35068 2
0%
Saint-Sébastien-sur-Loire Loire-Atlantique 28283 5
0%
Orvault Loire-Atlantique 27872 6
0%
Vertou Loire-Atlantique 26002 7
0%
Bouguenais Loire-Atlantique 20410 10
0%
Saran Loiret 16679 5
0%
Saint-Jean-de-la-Ruelle Loiret 16594 6
0%
Amilly Loiret 13267 9
0%
Olivet Loiret 22855 2
0%
Gien Loiret 13387 8
0%
Mer Loir-et-Cher 6235 6
0%
Lamotte-Beuvron Loir-et-Cher 4565 8
0%
La Chaussée-Saint-Victor Loir-et-Cher 4497 9
0%
Pradines Lot 3584 4
0%
Gramat Lot 3482 5
0%
Saint-Céré Lot 3438 6
0%
Souillac Lot 3198 7
0%
Prayssac Lot 2460 8
0%
Biars-sur-Cère Lot 1973 9
0%
Gourdon Lot 3946 3
0%
Le Passage Lot-et-Garonne 9373 4
0%
Tonneins Lot-et-Garonne 9337 5
0%
Bon-Encontre Lot-et-Garonne 6233 8
0%
Boé Lot-et-Garonne 5723 9
0%
Foulayronnes Lot-et-Garonne 5484 10
0%
Langogne Lozère 2867 4
0%
La Canourgue Lozère 2099 6
0%
Bourgs sur Colagne Lozère 2078 8
0%
Chanac Lozère 1437 9
0%
Saint-Alban-sur-Limagnole Lozère 1377 10
0%
Marvejols Lozère 4738 2
0%
Sèvremoine Maine-et-Loire 25806 4
0%
Bricquebec-en-Cotentin Manche 5867 9
0%
Saint-Hilaire-du-Harcouët Manche 5747 10
0%
Coutances Manche 8353 7
0%
Valognes Manche 6791 8
0%
Tinqueux Marne 10552 5
0%
Bétheny Marne 7086 6
0%
Cormontreuil Marne 6456 7
0%
Fismes Marne 5803 8
0%
Saint-Memmie Marne 5434 9
0%
Épernay Marne 22001 3
0%
Saint-Joseph Martinique 16135 6
0%
Le François Martinique 15996 7
0%
Le Lamentin Martinique 39641 2
0%
Ducos Martinique 17912 5
0%
Évron Mayenne 8508 4
0%
Saint-Berthevin Mayenne 7353 5
0%
Changé Mayenne 6397 6
0%
Ernée Mayenne 5576 8
0%
Craon Mayenne 4435 9
0%
L'Huisserie Mayenne 4435 10
0%
Dembeni Mayotte 15848 4
0%
Pamandzi Mayotte 11442 7
0%
Sada Mayotte 11156 8
0%
Bandrele Mayotte 10282 9
0%
Saint-Max Meurthe-et-Moselle 10073 9
0%
Villerupt Meurthe-et-Moselle 10069 10
0%
Lunéville Meurthe-et-Moselle 17755 3
0%
Toul Meurthe-et-Moselle 15849 4
0%
Pont-à-Mousson Meurthe-et-Moselle 14338 8
0%
Ligny-en-Barrois Meuse 3803 5
0%
Étain Meuse 3473 6
0%
Revigny-sur-Ornain Meuse 2702 9
0%
Ancerville Meuse 2599 10
0%
Verdun Meuse 16689 1
0%
Bar-le-Duc Meuse 14668 2
0%
Saint-Mihiel Meuse 3924 4
0%
Hennebont Morbihan 15746 5
0%
Vannes Morbihan 54420 2
0%
Lanester Morbihan 23026 3
0%
Yutz Moselle 17401 6
0%
Fameck Moselle 14798 9
0%
Metz Moselle 120874 1
0%
Garchizy Nièvre 3685 8
0%
Marzy Nièvre 3675 9
0%
Decize Nièvre 5152 4
0%
La Charité-sur-Loire Nièvre 4672 5
0%
Dunkerque Nord 86788 4
0%
Valenciennes Nord 42991 6
0%
Wattrelos Nord 40836 7
0%
Pont-Sainte-Maxence Oise 12291 10
0%
L'Aigle Orne 7824 4
0%
Tinchebray-Bocage Orne 4884 6
0%
Athis-Val de Rouvre Orne 4216 7
0%
Domfront en Poiraie Orne 4155 9
0%
Sées Orne 4191 8
0%
Carvin Pas-de-Calais 17852 9
0%
Avion Pas-de-Calais 17672 10
0%
Liévin Pas-de-Calais 30149 5
0%
Beaumont Puy-de-Dôme 10650 8
0%
Gerzat Puy-de-Dôme 10258 9
0%
Riom Puy-de-Dôme 18736 3
0%
Billère Pyrénées-Atlantiques 13866 8
0%
Anglet Pyrénées-Atlantiques 41153 3
0%
Saint-Jean-de-Luz Pyrénées-Atlantiques 14601 6
0%
Oloron-Sainte-Marie Pyrénées-Atlantiques 10616 10
0%
Saint-Estève Pyrénées-Orientales 11550 3
0%
Argelès-sur-Mer Pyrénées-Orientales 10792 5
0%
Cabestany Pyrénées-Orientales 10338 7
0%
Saint-Laurent-de-la-Salanque Pyrénées-Orientales 10010 8
0%
Elne Pyrénées-Orientales 9428 9
0%
Rivesaltes Pyrénées-Orientales 9099 10
0%
Pia Pyrénées-Orientales 10733 6
0%
Vaulx-en-Velin Rhône 52139 4
0%
Caluire-et-Cuire Rhône 43572 6
0%
Rillieux-la-Pape Rhône 31247 10
0%
Saint-Vallier Saône-et-Loire 8503 7
0%
Le Creusot Saône-et-Loire 20731 3
0%
Allonnes Sarthe 11013 4
0%
La Ferté-Bernard Sarthe 8799 5
0%
Changé Sarthe 6686 7
0%
Montval-sur-Loir Sarthe 5805 8
0%
Parigné-l'Évêque Sarthe 5365 10
0%
Le Mans Sarthe 145004 1
0%
La Motte-Servolex Savoie 12299 4
0%
La Ravoire Savoie 9042 5
0%
Cognin Savoie 6520 9
0%
Saint-Alban-Leysse Savoie 6429 10
0%
Ugine Savoie 7148 8
0%
Savigny-le-Temple Seine-et-Marne 30510 5
0%
Villeparisis Seine-et-Marne 26822 6
0%
Bussy-Saint-Georges Seine-et-Marne 26571 7
0%
Champs-sur-Marne Seine-et-Marne 25695 8
0%
Sotteville-lès-Rouen Seine-Maritime 28965 3
0%
Le Grand-Quevilly Seine-Maritime 25975 6
0%
Mont-Saint-Aignan Seine-Maritime 20066 8
0%
Le Blanc-Mesnil Seine-Saint-Denis 58257 8
0%
Corbie Somme 6177 5
0%
Doullens Somme 5835 7
0%
Villers-Bretonneux Somme 4640 10
0%
Péronne Somme 7291 4
0%
Graulhet Tarn 13166 4
0%
Carmaux Tarn 9898 7
0%
Saint-Sulpice-la-Pointe Tarn 9576 8
0%
Saint-Juéry Tarn 6600 9
0%
Labruguière Tarn 6538 10
0%
Castres Tarn 42672 2
0%
Gaillac Tarn 15663 3
0%
Caussade Tarn-et-Garonne 6804 4
0%
Montech Tarn-et-Garonne 6650 5
0%
Nègrepelisse Tarn-et-Garonne 5743 6
0%
Montbeton Tarn-et-Garonne 4299 9
0%
Valdoie Territoire-de-Belfort 5236 3
0%
Beaucourt Territoire-de-Belfort 5005 4
0%
Bavilliers Territoire-de-Belfort 4595 5
0%
Danjoutin Territoire-de-Belfort 3541 7
0%
Essert Territoire-de-Belfort 3348 8
0%
Grandvillars Territoire-de-Belfort 2978 9
0%
Delle Territoire-de-Belfort 5680 2
0%
Giromagny Territoire-de-Belfort 2908 10
0%
Choisy-le-Roi Val-de-Marne 46129 10
0%
Franconville Val-d’Oise 37520 5
0%
Bezons Val-d’Oise 32017 6
0%
Herblay-sur-Seine Val-d’Oise 31605 7
0%
Fréjus Var 57082 3
0%
Draguignan Var 39745 5
0%
La Garde Var 25912 8
0%
Bollène Vaucluse 13605 9
0%
Cavaillon Vaucluse 25923 4
0%
Saint-Hilaire-de-Riez Vendée 12682 7
0%
Aizenay Vendée 10146 8
0%
Essarts en Bocage Vendée 9399 10
0%
La Roche-sur-Yon Vendée 54952 1
0%
Les Herbiers Vendée 16453 5
0%
Fontenay-le-Comte Vendée 13471 6
0%
Luçon Vendée 9483 9
0%
Châtellerault Vienne 31284 2
0%
Jaunay-Marigny Vienne 7687 4
0%
Saint-Benoît Vienne 7307 5
0%
Chauvigny Vienne 7099 6
0%
Loudun Vienne 6743 7
0%
Vouneuil-sous-Biard Vienne 6210 8
0%
Migné-Auxances Vienne 6197 9
0%
Naintré Vienne 5944 10
0%
Golbey Vosges 8849 3
0%
Remiremont Vosges 7611 6
0%
Raon-l'Étape Vosges 6061 8
0%
Paron Yonne 4824 7
0%
Charny Orée de Puisaye Yonne 4807 8
0%
Joigny Yonne 9218 3
0%
Avallon Yonne 6387 5
0%
Saint-Florentin Yonne 4220 10
0%
Poissy Yvelines 40016 5
0%
Les Mureaux Yvelines 33977 7
0%
Houilles Yvelines 33449 9
0%
Aucun quiz correspondant
Distribution des résultats
% des personnes avec chaque résultat
Percentile par nombre de réponses
Votre historique - résultats
Vous n’avez pas pris ce quiz